000
00343 a2200157 4500
001
64240
020
_a
040
_c
Anchieta - Pituba
100
_a
Paulino, Graça
240
1
0
_a
Teoria da literatura na escola
_l
por
245
1
0
_a
Teoria da literatura na escola
300
_a
120
362
0
_a
1994
650
4
_a
LITERATURA
942
_c
BK
999
_c
64240
_d
64240